000 00716nam a2200217Ia 4500
003 GCL
008 140319s9999 xx 000 0 ara d
040 _aGCL /
_cGCL
082 0 4 _a844
_bف س
100 1 _aبرومبير، فيكتور (تحرير)
245 1 0 _aستندال: مجموعة من المقالات النقدية /
_cبرومبير، فيكتور (تحرير)
700 1 _aنجيب المانع
260 _a[S.N] :
_bالهيئة المصرية العامة للكتاب ،
_c1986
300 _a268 ص
490 _a
650 0 4 _aالادب العربى
650 0 4 _aالمقالات العربية
650 0 4 _aتاريخ ونقد
650 0 4 _aالمجموعات
942 _2ddc
_cBK
999 _c27574
_d27574